00827nam a22001937a 4500999001500000001000500015003000900020005001700029008004100046040003800087082002300125110005700148245018400205260005100389300004200440650001800482942001200500952012100512 c5775d57752560BD-DhUAP20201221105719.0201221s1985 enka|||| |||| 00| 0 eng d aBD-DhUAPbEngcBD-DhUAPdBD-DhUAP 223a709.109538 UNI aKing Faisal Center for Research and Islamic Studies. aThe unity of islamic art :b an exhibition to inaugurate the Islamic Art Gallery of the King Faisal Center for Research and Islamic Studies, Riyadh, Saudi Arabia, 1405 AH/1985 AD. aRiyadh : bThe King Faisal Foundation, c1985. a207 pages :billustrations ;c30 cm.  aArt, Islamic. 2ddccBK 00102ddc4070aUAPCLbUAPCLcGeneral Stacksd2020-12-21o709.109538 UNIp3010002560r2020-12-21t1w2020-12-21yBK